000 00991nam a2200289 a 4500
001 000035691
003 DO-SdBNP
005 20220405091148.0
008 111108s2015 sp a 000 0 spa d
020 _a9788427718203
040 _aDO-SdBNP
_bspa
_cBPMSU
082 _a155.412
_bH471a 2015
_222
100 1 _aHeinsen Guerra, Margarita.
245 1 0 _aAutoestima y tacto pedagógico en edad temprana :
_b orientaciones para educadores y familias /
_c Margarita Heinsen Guerra ; ilustraciones Héctor Fuertes Díaz.
250 _a2a.ed.
260 _aMadrid :
_bNarcea de Ediciones
_c2015
300 _a102 p. :
_bil., retrs. ;
_c21 cm.
504 _aBibliografía : 101-102
590 _6Inventariado, 2022/VM
650 4 _a Autoestima en niños
650 4 _aEducación en la primera infancia.
_x
650 4 _aEducación
_xAspectos psicológicos
650 4 _aPsicología infantil
700 1 _aFuertes Díaz, Héctor,
_eilustrador
910 _aVMateo V.
942 _2ddc
_cBK
999 _c14140
_d14140